[Event "AUTO-OPEN-2226"]
[Site "http://www.queenalice.com/game.php?id=923555"]
[Date "2011.4.8"]
[Round "2"]
[White "Braimondi"]
[Black "primael"]
[Result "1-0"]
[WhiteElo "2199"]
[BlackElo "1590"]

1. e4 e5 2. Nf3 Nc6 3. Bb5 Nf6 4. O-O Nxe4 5. d4 exd4 6. Re1 f5 7. Nxd4 Bc5 8.
Rxe4+ fxe4 9. Qh5+ g6 10. Qxc5 Qf6 11. Be3 d6 12. Bxc6+ bxc6 13. Qxc6+ 1-0

[Event "AUTO-OPEN-2226"]
[Site "http://www.queenalice.com/game.php?id=923556"]
[Date "2011.4.8"]
[Round "2"]
[White "primael"]
[Black "Braimondi"]
[Result "0-1"]
[WhiteElo "1588"]
[BlackElo "2200"]

1. e4 e5 2. Nf3 Nf6 3. Nc3 Nc6 4. d3 d5 5. exd5 Nxd5 6. d4 Bb4 7. Bc4 Nxc3 8.
bxc3 Bxc3+ 9. Bd2 Bxa1 10. Qxa1 Nxd4 11. O-O Nxf3+ 12. Kh1 Nxd2 13. Rd1 Qg5 0-1

[Event "torneo avierto "]
[Site "http://www.queenalice.com/game.php?id=924288"]
[Date "2011.4.10"]
[Round "2"]
[White "Braimondi"]
[Black "Sigmund"]
[Result "1-0"]
[WhiteElo "2202"]
[BlackElo "1695"]

1. e4 e5 2. f4 exf4 3. Nf3 d6 4. Bc4 Be6 5. Bxe6 fxe6 6. d4 g5 7. h4 Be7 8. hxg5
Bxg5 9. c3 Nc6 10. Qb3 e5 11. Qxb7 Nge7 12. Nxg5 Ng6 13. Qxc6+ Ke7 14. Qc4 Kd7
15. Qe6+ Kc6 16. Nf7 Qg8 17. Qd5+ Kd7 18. dxe5 Nxe5 19. Nxe5+ 1-0

[Event "AUTO-OPEN-2223"]
[Site "http://www.queenalice.com/game.php?id=928293"]
[Date "2011.4.20"]
[Round "2"]
[White "Braimondi"]
[Black "patobesta"]
[Result "1-0"]
[WhiteElo "2201"]
[BlackElo "1845"]

1. e4 c5 2. Nf3 Nc6 3. d4 cxd4 4. Nxd4 g6 5. Nc3 Bg7 6. Be3 e5 7. Ndb5 Nf6 8.
Qd6 Qe7 9. Nc7+ Kf8 10. Qxe7+ Kxe7 11. Nxa8 Kd8 12. Rd1 b6 13. Bg5 Bb7 14. Nd5
Nd4 15. Nac7 1-0

[Event "AUTO-OPEN-2223"]
[Site "http://www.queenalice.com/game.php?id=928294"]
[Date "2011.4.20"]
[Round "2"]
[White "patobesta"]
[Black "Braimondi"]
[Result "0-1"]
[WhiteElo "1827"]
[BlackElo "2217"]

1. d4 Nf6 2. c4 e6 3. Nf3 c5 4. e3 d5 5. Nc3 Nc6 6. g3 cxd4 7. Nxd4 dxc4 8. Bxc4
Nxd4 9. Qxd4 Qxd4 10. exd4 Bd7 11. O-O Bb4 12. a3 Bxc3 13. bxc3 Rc8 14. Be2 Rxc3
15. Be3 O-O 16. h4 Rfc8 17. Bf3 Bc6 18. Bg2 Bxg2 19. Kxg2 Nd5 20. Rfe1 R8c4 21.
a4 b6 22. h5 Kf8 23. a5 b5 24. Kh3 b4 25. g4 Rc2 26. a6 b3 27. Kh4 b2 28. Rad1
Nxe3 29. fxe3 Rc1 0-1

[Event "AUTO-OPEN-2223"]
[Site "http://www.queenalice.com/game.php?id=928295"]
[Date "2011.4.20"]
[Round "2"]
[White "Braimondi"]
[Black "csparrow"]
[Result "0-1"]
[WhiteElo "2213"]
[BlackElo "2601"]

1. e4 c5 2. Nf3 d6 3. d4 cxd4 4. Nxd4 Nf6 5. Nc3 a6 6. Bg5 e6 7. f4 Qb6 8. Qd2
Qxb2 9. Rb1 Qa3 10. f5 Nc6 11. Be2 Nxd4 12. Qxd4 Be7 13. O-O O-O 14. Rf3 Qa5 15.
Rg3 Kh8 16. a4 Rb8 17. Be3 Bd7 18. Qd2 b5 19. Ba7 Rb7 20. Bf2 Bc6 21. axb5 axb5
22. Qg5 Rg8 0-1

[Event "AUTO-OPEN-2223"]
[Site "http://www.queenalice.com/game.php?id=928296"]
[Date "2011.4.20"]
[Round "2"]
[White "csparrow"]
[Black "Braimondi"]
[Result "1-0"]
[WhiteElo "2605"]
[BlackElo "2218"]

1. Nf3 Nf6 2. c4 e6 3. d4 c5 4. d5 exd5 5. cxd5 d6 6. Nc3 g6 7. Nd2 Bg7 8. e4
O-O 9. Be2 Re8 10. O-O Nbd7 11. a4 Ne5 12. Ra3 Qe7 13. h3 a6 14. f4 Ned7 15. Re1
Qd8 16. Bf3 Rb8 17. Rb3 Qc7 18. Nc4 b5 19. axb5 Nb6 20. Nxb6 Rxb6 21. bxa6 Bxa6
22. Rxb6 Qxb6 23. e5 dxe5 24. fxe5 Nd7 25. e6 Bd4+ 26. Kh1 Nf6 27. Qa4 Re7 28.
Bg5 Kg7 29. Ne4 Bb5 30. Qc2 1-0

[Event "AUTO-ADV-2005"]
[Site "http://www.queenalice.com/game.php?id=933134"]
[Date "2011.5.2"]
[Round "2"]
[White "Krummenauer"]
[Black "Braimondi"]
[Result "0-1"]
[WhiteElo "1870"]
[BlackElo "2242"]

1. d4 Nf6 2. c4 e6 3. a3 d5 4. cxd5 exd5 5. Nc3 c5 6. dxc5 Bxc5 7. e3 O-O 8. Nf3
Nc6 9. Be2 d4 10. Nxd4 Nxd4 11. exd4 Bxd4 12. O-O Bf5 13. Qb3 Ne4 14. Nxe4 Bxe4
15. Bf3 Bxf3 16. Qxf3 Qe7 17. Qb3 Qe2 18. Rb1 Rfe8 19. Bf4 b6 20. Bg3 h5 21. Qb4
Rad8 22. Rfe1 Qd3 23. Rbd1 Rxe1+ 24. Qxe1 Qxd1 0-1

[Event "AUTO-ADV-2005"]
[Site "http://www.queenalice.com/game.php?id=933135"]
[Date "2011.5.2"]
[Round "2"]
[White "Braimondi"]
[Black "Krummenauer"]
[Result "1-0"]
[WhiteElo "2240"]
[BlackElo "1894"]

1. e4 e5 2. Nf3 Nc6 3. d4 exd4 4. Nxd4 Bc5 5. Be3 Qf6 6. c3 Nge7 7. Bc4 O-O 8.
O-O Nxd4 9. cxd4 Bb6 10. Nc3 Nc6 11. Nd5 Qg6 12. f3 d6 13. Bb5 Qh5 14. a4 a6 15.
Nxb6 cxb6 16. Bd3 d5 17. Qb3 dxe4 18. fxe4 a5 19. Qxb6 Nb4 20. Bc4 Nc2 21. Bxf7+
Qxf7 22. Rxf7 Rxf7 23. Qd8+ Rf8 24. Qd5+ Rf7 25. Rf1 1-0

[Event "AUTO-ADV-2005"]
[Site "http://www.queenalice.com/game.php?id=933136"]
[Date "2011.5.2"]
[Round "2"]
[White "Fariajj"]
[Black "Braimondi"]
[Result "0-1"]
[WhiteElo "1814"]
[BlackElo "2243"]

1. d4 Nf6 2. c4 e6 3. Nf3 c5 4. e3 d5 5. Nc3 cxd4 6. exd4 Bb4 7. Bf4 O-O 8. Bd3
dxc4 9. Bxc4 Nd5 10. Bd2 Nc6 11. O-O Nb6 12. Bb3 Nxd4 13. Nxd4 Qxd4 14. a3 Bc5
15. Qe2 Qh4 16. Ne4 Be7 17. Rac1 Bd7 18. Bc3 Bc6 19. Rfe1 Rac8 20. Ng3 Bd5 21.
Bxd5 Nxd5 22. Bd2 Qd4 23. Be3 Nxe3 24. fxe3 Qe5 25. Rc2 Rxc2 26. Qxc2 Bh4 27.
Re2 Bxg3 28. hxg3 Qxg3 29. Qe4 Rc8 30. Qb1 h5 31. b4 Rc3 32. Qb2 Rxe3 33. Rxe3
Qxe3+ 34. Kh1 b6 35. a4 g6 36. b5 g5 37. Qc2 g4 38. Qc8+ Kg7 39. Qb7 g3 0-1

[Event "AUTO-ADV-2005"]
[Site "http://www.queenalice.com/game.php?id=933137"]
[Date "2011.5.2"]
[Round "2"]
[White "Braimondi"]
[Black "Fariajj"]
[Result "1-0"]
[WhiteElo "2212"]
[BlackElo "2017"]

1. e4 c5 2. Nf3 d6 3. d4 cxd4 4. Nxd4 Nf6 5. Nc3 e6 6. g4 a6 7. g5 Ng4 8. Qxg4
e5 9. Nf5 g6 10. Be3 b5 11. Qd1 Be6 12. Ng3 Nc6 13. a4 b4 14. Nd5 Bxd5 15. Qxd5
Rc8 16. Bxa6 Bg7 17. Bxc8 Qxc8 18. Qxd6 Nd4 19. Bxd4 exd4 20. O-O Qd7 21. Qb8+
Qd8 22. Qxb4 1-0

[Event "Challenge"]
[Site "http://www.queenalice.com/game.php?id=1189158"]
[Date "2013.6.8"]
[Round "-"]
[White "Braimondi"]
[Black "moe78"]
[Result "1-0"]
[WhiteElo "2284"]
[BlackElo "2247"]

1. e4 e5 2. Nf3 Nc6 3. Bb5 a6 4. Ba4 Nf6 5. O-O b5 6. Bb3 Be7 7. a4 Bb7 8. d3
O-O 9. Nc3 b4 10. Nd5 Na5 11. Nxe7+ Qxe7 12. Ba2 d5 13. exd5 Bxd5 14. Re1 Nc6
15. Bf4 Bxf3 16. Qxf3 Qd6 17. Be3 Nd4 18. Bxd4 exd4 19. Bc4 Rfe8 20. a5 Rad8 21.
h3 Rxe1+ 22. Rxe1 Qc5 23. Qb7 Qxa5 24. Re7 Qb6 25. Qxc7 Qxc7 26. Rxc7 Rf8 27.
Bxa6 h6 28. Bc4 Kh8 29. Bxf7 Rb8 30. Bg6 Ng8 31. Bf7 Nf6 32. Bb3 Kh7 33. Rc4 1-0

[Event "AUTO-MASTER-1888"]
[Site "http://www.queenalice.com/game.php?id=1189571"]
[Date "2013.6.10"]
[Round "1"]
[White "Kir"]
[Black "Braimondi"]
[Result "0-1"]
[WhiteElo "2130"]
[BlackElo "2269"]

1. c4 e5 2. Nc3 Nf6 3. d4 exd4 4. Qxd4 Nc6 5. Qe3+ Be7 6. Nd5 Nxd5 7. cxd5 Nb4
8. Qe4 O-O 9. a3 Na6 10. Bd2 Bf6 11. Qc2 b6 12. Bf4 Bb7 13. Rd1 c6 14. Nf3 cxd5
15. Qd2 Nc5 16. Bg5 Rc8 17. Bxf6 Qxf6 18. e3 Nb3 19. Qb4 Qxb2 20. Nd4 Qc3+ 21.
Qxc3 Rxc3 22. Nb5 Rc2 23. Nd6 Bc6 24. Nb5 Nc5 25. Rd2 Rxd2 26. Kxd2 Ne4+ 27. Ke1
Bxb5 28. Bxb5 Rc8 29. Rf1 Rc1+ 30. Ke2 Rc2+ 31. Kd1 Ra2 32. Kc1 Kf8 33. g4 Ke7
34. g5 Nxg5 35. Kb1 Rxa3 36. Kb2 Ra5 37. Bd3 Ne4 38. h3 Kd6 39. Bxe4 dxe4 40. f3
Rf5 41. f4 Rd5 42. Rc1 Rd2+ 43. Ka1 Re2 44. Rd1+ Ke7 45. Rg1 Rxe3 0-1

[Event "AUTO-MASTER-1888"]
[Site "http://www.queenalice.com/game.php?id=1189572"]
[Date "2013.6.10"]
[Round "1"]
[White "Braimondi"]
[Black "Kir"]
[Result "1-0"]
[WhiteElo "2277"]
[BlackElo "2122"]

1. e4 e5 2. Nf3 Nc6 3. Bb5 a6 4. Ba4 Qf6 5. d4 Nxd4 6. Nxd4 exd4 7. O-O Bc5 8.
c3 Ne7 9. e5 Qxe5 10. Re1 Qf6 11. Nd2 dxc3 12. Ne4 Qd4 13. Qc2 Qe5 14. Bg5 cxb2
15. Rad1 b6 16. Nxc5 Qxg5 17. Nxd7 Bxd7 18. Rxd7 O-O 19. Rdxe7 Qf6 20. R7e5 b5
21. Bb3 c5 22. Rxc5 Rfe8 23. Rb1 Ra7 24. g3 Rae7 25. Qxb2 Qf3 26. Qc3 Qxc3 27.
Rxc3 Kf8 28. Rc6 Ra7 29. Rbc1 b4 30. Rc7 Rxc7 31. Rxc7 Re7 32. Rxe7 Kxe7 33. Kg2
h6 34. Kf3 a5 35. Ke4 Kf6 36. Kd4 Ke7 37. Kc5 f5 38. Kb5 Kd6 39. Kxa5 Kc5 40. f4
h5 41. h4 g6 42. Bf7 Kc6 43. Kxb4 Kd6 44. a4 Kc6 45. Bxg6 Kb6 46. Bxh5 Ka6 47.
Bg6 Kb6 48. h5 Ka6 49. h6 Kb6 50. h7 Kc6 51. h8=Q Kb6 52. Qb8+ Kc6 53. Be8+ 1-0

[Event "AUTO-MASTER-1888"]
[Site "http://www.queenalice.com/game.php?id=1189585"]
[Date "2013.6.10"]
[Round "1"]
[White "artegasparphb"]
[Black "Braimondi"]
[Result "0-1"]
[WhiteElo "2073"]
[BlackElo "2263"]

1. f4 d5 2. Nf3 g6 3. d4 Bg7 4. Nc3 Nf6 5. h3 Ne4 6. Nxe4 dxe4 7. Ne5 O-O 8. e3
c5 9. c3 Be6 10. Be2 Nd7 11. O-O Nxe5 12. fxe5 Rc8 13. Bg4 Bxg4 14. Qxg4 Qd5 15.
Bd2 cxd4 16. exd4 Bxe5 17. Bg5 f5 18. Qh4 Bf6 19. g4 Rce8 20. Rae1 Bxg5 21. Qxg5
e5 22. gxf5 exd4 23. Qg4 d3 24. fxg6 d2 25. Rd1 e3 26. gxh7+ Kxh7 27. Qh4+ Kg6
28. Qg4+ Qg5 29. Qxg5+ Kxg5 30. Rxf8 Rxf8 31. Kh2 Kh4 32. Rg1 Rf2+ 0-1

[Event "AUTO-MASTER-1888"]
[Site "http://www.queenalice.com/game.php?id=1189586"]
[Date "2013.6.10"]
[Round "1"]
[White "Braimondi"]
[Black "artegasparphb"]
[Result "1-0"]
[WhiteElo "2258"]
[BlackElo "2020"]

1. e4 e6 2. d4 Nc6 3. Nf3 Nf6 4. e5 Nd5 5. c4 Bb4+ 6. Bd2 Bxd2+ 7. Qxd2 Nb6 8.
d5 exd5 9. cxd5 Ne7 10. d6 Ned5 11. Bc4 Nxc4 12. Qxd5 Nb6 13. Qc5 cxd6 14. exd6
O-O 15. O-O Re8 16. Nc3 Re6 17. Nb5 Rf6 18. Nc7 Rb8 19. Rfe1 Qf8 20. Re8 1-0

[Event "AUTO-MASTER-1888"]
[Site "http://www.queenalice.com/game.php?id=1189595"]
[Date "2013.6.10"]
[Round "1"]
[White "Braimondi"]
[Black "franz_ferdinand"]
[Result "1-0"]
[WhiteElo "2245"]
[BlackElo "2065"]

1. e4 e6 2. d4 d5 3. Nc3 Bb4 4. e5 b6 5. Qg4 Bf8 6. Nf3 Ba6 7. Bxa6 Nxa6 8. a3
Qd7 9. O-O Ne7 10. Bg5 h6 11. Bxe7 Qxe7 12. Ne2 c5 13. Rad1 g6 14. dxc5 Nxc5 15.
c4 h5 16. Qd4 Rd8 17. b4 Nb7 18. Nc3 dxc4 19. Qxc4 Bg7 20. Qc6+ Kf8 21. Nb5 a6
22. Nc7 Rc8 23. Rd7 Qe8 24. Rfd1 Nd8 25. Qd6+ 1-0

[Event "AUTO-MASTER-1888"]
[Site "http://www.queenalice.com/game.php?id=1189596"]
[Date "2013.6.10"]
[Round "1"]
[White "franz_ferdinand"]
[Black "Braimondi"]
[Result "0-1"]
[WhiteElo "2056"]
[BlackElo "2252"]

1. e4 c5 2. Nf3 d6 3. Bb5+ Bd7 4. Bxd7+ Qxd7 5. O-O Nc6 6. b3 Nf6 7. Qe2 g6 8.
Bb2 Bg7 9. d3 O-O 10. Nbd2 b5 11. a4 a6 12. c3 Nh5 13. g3 b4 14. Rac1 bxc3 15.
Bxc3 Bxc3 16. Rxc3 Ng7 17. Nc4 Rab8 18. Rb1 f5 19. e5 d5 20. Ncd2 Ne6 21. Kg2 g5
22. h4 g4 23. Ng5 Nxg5 24. hxg5 f4 25. f3 Nd4 26. Qd1 fxg3 27. fxg4 Rf2+ 28.
Kxg3 Rbf8 29. Rxc5 Ne2+ 30. Kh4 Rh2# 0-1

[Event "AUTO-MASTER-1888"]
[Site "http://www.queenalice.com/game.php?id=1246673"]
[Date "2014.1.9"]
[Round "2"]
[White "Braimondi"]
[Black "meguinho"]
[Result "0-1"]
[WhiteElo "2276"]
[BlackElo "2499"]

1. e4 c5 2. Nf3 Nc6 3. d4 cxd4 4. Nxd4 Nf6 5. Nc3 e5 6. Ndb5 d6 7. Bg5 a6 8. Na3
b5 9. Nd5 Be7 10. Bxf6 Bxf6 11. c3 O-O 12. Nc2 Bg5 13. Be2 Rb8 14. O-O a5 0-1

[Event "AUTO-MASTER-1888"]
[Site "http://www.queenalice.com/game.php?id=1246674"]
[Date "2014.1.9"]
[Round "2"]
[White "meguinho"]
[Black "Braimondi"]
[Result "1-0"]
[WhiteElo "2495"]
[BlackElo "2295"]

1. e4 c5 2. Nf3 d6 3. d4 cxd4 4. Nxd4 Nf6 5. Nc3 a6 6. Bg5 e6 7. f4 Be7 8. Qf3
Qc7 9. O-O-O Nbd7 10. g4 b5 11. Bxf6 Nxf6 12. g5 Nd7 13. f5 Bxg5+ 14. Kb1 1-0